Lights out : The electricity crisis, the global economy, and what it means to you

Bewaard in:
Bibliografische gegevens
Hoofdauteur:  Makansi, Jason
Formaat: Sách
Taal:Undetermined
Gepubliceerd in:  John Wiley & Sons  2007
Onderwerpen:
Tags: Voeg label toe
Geen labels, Wees de eerste die dit record labelt!
Thư viện lưu trữ: Trung tâm Thư viện - Trường Đại học Công nghiệp TP. Hồ Chí Minh
LEADER 00525nam a2200157Ia 4500
001 UIH_04245
008 231011s9999 xx 000 0 und d
082 |a  333.793 
100 |a  Makansi, Jason 
245 0 |a  Lights out : The electricity crisis, the global economy, and what it means to you 
245 0 |c  Makansi, Jason 
260 |b  John Wiley & Sons 
260 |c  2007 
650 |a  Điện lực;  
927 |a Sách 
980 |a Trung tâm Thư viện - Trường Đại học Công nghiệp TP. Hồ Chí Minh